Ideas radicales en la República Dominicana / (Registro nro. 13621)

Detalles MARC
000 -LEADER
fixed length control field 01447nam a22003377a 4500
003 - CONTROL NUMBER IDENTIFIER
control field
005 - DATE AND TIME OF LATEST TRANSACTION
control field 20240221114822.0
008 - FIXED-LENGTH DATA ELEMENTS--GENERAL INFORMATION
fixed length control field 210723b 2020 dr a 00| 0 spa d
020 ## - INTERNATIONAL STANDARD BOOK NUMBER
International Standard Book Number 9789945613599 (v.1)
020 ## - INTERNATIONAL STANDARD BOOK NUMBER
International Standard Book Number 9789945613599 (v.2)
040 ## - CATALOGING SOURCE
Original cataloging agency BPMSU
Language of cataloging spa
Transcribing agency BPMSU
082 ## - DEWEY DECIMAL CLASSIFICATION NUMBER
Classification number RD868.08
Item number I19r 2020
Edition number 22
245 10 - TITLE STATEMENT
Title Ideas radicales en la República Dominicana /
Statement of responsibility, etc. cuidado de edición y presentación : Andrés Blanco Díaz.
260 ## - PUBLICATION, DISTRIBUTION, ETC. (IMPRINT)
Place of publication, distribution, etc. Santo Domingo :
Name of publisher, distributor, etc. Archivo General de la Nación,
Date of publication, distribution, etc. 2020.
300 ## - PHYSICAL DESCRIPTION
Extent v. ;
Dimensions 23 cm.
490 0# - SERIES STATEMENT
Series statement Archivo General de la Nación ;
Volume/sequential designation 390/391
500 ## - GENERAL NOTE
General note Incluye datos biográficos del editor en las solapas
500 ## - GENERAL NOTE
General note Incluye referencias bibliográficas y notas al pie de las páginas
500 ## - GENERAL NOTE
General note Incluye índice onomástico
505 0# - FORMATTED CONTENTS NOTE
Formatted contents note v.1 : Antología 1 -- v.2 : Antología 2
590 ## - LOCAL NOTE (RLIN)
Local note Inventariado, 2021 /VM<br/><br/>
650 #4 - SUBJECT ADDED ENTRY--TOPICAL TERM
Topical term or geographic name as entry element Crónicas periodísticas
Geographic subdivision República dominicana
Form subdivision Ensayos, conferencias, etc
650 #4 - SUBJECT ADDED ENTRY--TOPICAL TERM
Topical term or geographic name as entry element Artículos de prensa
Form subdivision Colecciones .
650 #4 - SUBJECT ADDED ENTRY--TOPICAL TERM
Topical term or geographic name as entry element Literatura dominicana
General subdivision historia y crítica
651 #4 - SUBJECT ADDED ENTRY--GEOGRAPHIC NAME
Geographic name República Dominicana
General subdivision Historia
-- Ensayos, conferencias, etc.
Chronological subdivision 1844-1924
Source of heading or term
651 #4 - SUBJECT ADDED ENTRY--GEOGRAPHIC NAME
Geographic name Republica Dominicana
General subdivision Codiciones sociales
Chronological subdivision 1844-1924
700 1# - ADDED ENTRY--PERSONAL NAME
Personal name Blanco Díaz, Andrés,
Dates associated with a name 1954-
Relator term ed.
710 2# - ADDED ENTRY--CORPORATE NAME
Corporate name or jurisdiction name as entry element Archivo General de la Nación (República Dominicana)
910 ## - USER-OPTION DATA (OCLC)
User-option data VMateo V. Control de calidad. BPMSU
942 ## - ADDED ENTRY ELEMENTS (KOHA)
Source of classification or shelving scheme Dewey Decimal Classification
Koha item type Libros
Existencias
Withdrawn status Lost status Source of classification or shelving scheme Damaged status Not for loan Collection code Home library Current library Date acquired Full call number Barcode Date last seen Copy number Price effective from Koha item type Source of acquisition
    Dewey Decimal Classification     Colección Dominicana Biblioteca Pública Metropolitana Salomé Ureña Biblioteca Pública Metropolitana Salomé Ureña 08/05/2021 BPMSU CD RD868.08 I19r 2020 BPMSU21080012 08/05/2021 v.1 08/05/2021 Libros  
    Dewey Decimal Classification     Colección Dominicana Biblioteca Pública Metropolitana Salomé Ureña Biblioteca Pública Metropolitana Salomé Ureña 08/05/2021 BPMSU CD RD868.08 I19r 2020 BPMSU21080013 08/05/2021 v.2 08/05/2021 Libros AGN
    Dewey Decimal Classification     Colección Dominicana Biblioteca Pública Metropolitana Salomé Ureña Biblioteca Pública Metropolitana Salomé Ureña 08/05/2021 BPMSU CD RD868.08 I19r 2020 BPMSU21090044 09/03/2021 v.1, e.2 08/05/2021 Libros